000 00476nam a2200169Ia 4500
008 230917s9999||||xx |||||||||||||| ||und||
020 _cRS 2495.00
040 _e5014105
_aMAIN
041 _aEnglish
082 _a519.5 C345S
100 _aChadha, Narender K
245 0 _aStatistics for behavioural and social sciences
260 _aNew Delhi
_bShri Sai Printographers
_c2022
300 _a454 p.
500 _a4813 19/12/2022 FP23/190 03/01/2023 Main Budget
942 _cBK
999 _c7321
_d7321